Normal view
MARC view
Entry Nombre corporativo
001 - NÚMERO DE CONTROL
- campo de control: 11611
003 - IDENTIFICADOR DE NÚMERO DE CONTROL
- campo de control: OSt
005 - FECHA Y HORA DE LA ÚLTIMA TRANSACCIÓN
- campo de control: 20221005155502.0
008 - ELEMENTOS DE DATO DE LONGITUD-FIJA
- campo de control de longitud fija: 221005|| aca||aabn | a|a d
040 ## - FUENTE DE CATALOGACIÓN
- Centro catalogador/agencia de origen: OSt
- Centro/agencia transcriptor: OSt
110 ## - ENCABEZAMIENTO-NOMBRE DE ENTIDAD CORPORATIVA
- Nombre de entidad corporativa o nombre de jurisdicción como elemento de entrada: SEMINARIO CES-COMITES SINDICALES.
- Unidad subordinada: Identificar los intereses y los problemas de las mujeres
- Fecha del congreso o de la firma del tratado: 1995
- Sede del congreso/Lugar de la reunión: Bruselas
670 ## - FUENTE DE DATOS ENCONTRADOS
- Cita de la fuente: Work cat.: (OSt)11676: SEMINARIO CES-COMITES SINDICALES. Identificar los intereses y los problemas de las mujeres 1995 Bruselas, Documentación base del Seminario /, 1995